Latest developments in Europe's extended-stay sector (Record no. 76213)

MARC details
000 -LEADER
fixed length control field 01010cab a2200193 4500
001 - CONTROL NUMBER
control field ##L131609
008 - FIXED-LENGTH DATA ELEMENTS--GENERAL INFORMATION
fixed length control field 051122n2005 000 0 eng u
035 ## - SYSTEM CONTROL NUMBER
System control number (Sirsi) u131638
041 0# - LANGUAGE CODE
Language code of text/sound track or separate title eng
100 1# - MAIN ENTRY--PERSONAL NAME
Personal name Moreau, Riikka
245 00 - TITLE STATEMENT
Title Latest developments in Europe's extended-stay sector
260 ## - PUBLICATION, DISTRIBUTION, ETC.
Date of publication, distribution, etc. 2005
490 #0 - SERIES STATEMENT
Series statement Journal of Retail and Leisure Property
Volume/sequential designation 4(4) 2005, 359-364(6)
520 ## - SUMMARY, ETC.
Summary, etc. The extended-stay sector in Europe has traditionally been characterised by fragmented ownership and wide variances in quality. Recent developments, however, indicate that greater consolidation is about to take place in this sector, as some of the largest players in the hotel industry have entered the market, introducing brands that are already established and successful in the USA. [Taken from journal abstract.]
590 ## - LOCAL NOTE (RLIN)
Local note IKA221105
690 ## - LOCAL SUBJECT ADDED ENTRY--TOPICAL TERM (OCLC, RLIN)
Topical term or geographic name as entry element PROPERTY-COMMERCIAL PROPERTY-LEISURE PROPERTY-HOLIDAY AND GUEST PROPERTY-HOTEL PROPERTY-HOTELS
700 1# - ADDED ENTRY--PERSONAL NAME
Personal name Thorsteinsdottir, Kristin
942 ## - ADDED ENTRY ELEMENTS (KOHA)
Suppress in OPAC 0
Holdings
Withdrawn status Lost status Source of classification or shelving scheme Damaged status Not for loan Home library Current library Shelving location Date acquired Total Checkouts Full call number Barcode Date last seen Copy number Price effective from Koha item type
    Dewey Decimal Classification     London London Journal article 22/11/2005   L131638 131638-1001 06/08/2019 1 06/08/2019 Journal article